| 000 | 00537nam a2200181 4500 | ||
|---|---|---|---|
| 003 | OSt | ||
| 082 |
_a631.3 _bSUM/FI |
||
| 088 | _aP 612 | ||
| 100 |
_aSumith S Raju _96200 |
||
| 245 | _aFinite element analysis of soft robotic gripper for pineapple harvesting / | ||
| 260 |
_aTavanur : _bDepartment of Farm Machinery & Power Engineering, _c2024. |
||
| 300 | _ap. | ||
| 700 |
_a Justin Basil Isac _96201 |
||
| 700 |
_aSoorya A Surendran _96202 |
||
| 700 |
_aAfna Sharin E P _96203 |
||
| 700 |
_aSindhu Bhaskar (Guide) _94988 |
||
| 942 | _cPR | ||
| 999 |
_c18088 _d18088 |
||